| 000 | 00446nam a2200169Ia 4500 | ||
|---|---|---|---|
| 003 | GCL | ||
| 008 | 140319s9999 xx 000 0 eng d | ||
| 040 |
_aGCL / _cGCL |
||
| 082 | 0 | 4 |
_a551.46 _bS E |
| 100 | 1 | _aSTOWE, KEITH | |
| 245 | 1 | 0 |
_aEXPLORING OCEAN SCIENCE / _cSTOWE, KEITH |
| 260 |
_a[S.N] : _bJOHN WILEY AND SONS. INC ، _c1995 |
||
| 300 | _a426 P | ||
| 650 | 0 | 4 | _aOCEANOGRAPHY |
| 650 | 0 | 4 | _aESSENTIALS OF OCEAN SCEINCE |
| 942 |
_2ddc _cBK |
||
| 999 |
_c13601 _d13601 |
||